Japanese Kanji Grade 2 - Statistics

General Stats
  • This quiz has been taken 9,326 times
    8,244 since last reset
  • The average score is 76 of 160
Answer Stats
Hint Answer % Correct
father
84%
mother
83%
few, little
81%
now
76%
many, much
75%
country
73%
time, hour
73%
east
71%
heart, mind, spirit
71%
minute, part, understand
71%
north
71%
西 west
71%
half
70%
ten thousand
70%
what
70%
high, expensive
69%
south
69%
go
68%
fish
67%
eat
66%
meat
66%
old
66%
older brother
66%
friend
65%
language
65%
winter
64%
before, in front
63%
house, home
63%
older sister
63%
talk, speak
63%
long, leader
62%
outside
62%
younger brother
62%
younger sister
62%
summer
61%
autumn
60%
hear, ask, listen
60%
new
60%
say, word
60%
colour
59%
light, ray
59%
spring
59%
bird, chicken
58%
morning
58%
sea
58%
after, later, behind
57%
cow
57%
gate
57%
thick, fat, plump
57%
night
56%
week
56%
write
56%
body
55%
buy
55%
electricity
55%
snow
55%
come
54%
horse
54%
inside
54%
self
54%
wind, -like
54%
strong
53%
tea
53%
number, count
52%
point, dot
52%
same
52%
stop
52%
black
51%
circle, round
51%
every
51%
read
51%
weak
50%
wide
50%
rice
49%
think
49%
capital
48%
city, market, town
48%
daytime
48%
direction, method
48%
meet, join
48%
near
48%
shape, form, style
48%
store, shop
48%
walk
48%
face
46%
hair (body)
46%
head
46%
pleasure, music, joy
46%
run
46%
interval, space
45%
song, sing
45%
sword
45%
cloud
44%
road
44%
feather
43%
know
43%
temple
43%
weekday
43%
ground
42%
make
42%
neck, head
42%
voice
42%
door
41%
far
41%
parent
41%
star
41%
cut
40%
map, drawing
40%
bright
39%
corner, horn
39%
garden
39%
return, come back
39%
-times
39%
yellow
39%
rock, boulder
38%
sell
38%
arrow
37%
pond
37%
room
37%
consider, think over
36%
paper
36%
teach
36%
thin
36%
place
35%
pull
35%
answer, solution
34%
bow
34%
craft, construction
34%
line
32%
noon
32%
company, firm
31%
origin, base, beginning
31%
picture, brush stroke
31%
picture, painting
31%
ability, genius
30%
intersect, mix
30%
ship, boat
29%
valley
29%
field, plain
28%
number
28%
plan, measure
28%
public, official
27%
use, utilize
27%
meadow, primitive
26%
straight, fix
26%
hometown, village
24%
wheat, barley
23%
chirp, bark, sound
22%
hit, right
21%
reason, logic
20%
record
19%
steam
19%
traffic, pass through, commute
19%
calculate, count
18%
fit, suit, join
18%
section, department
18%
team, association
18%
active, lively
16%
clear
16%
pedestal, stand, counter (equipment)
16%
No matching quizzes found
Score Distribution
Percent of People with Each Score
Percentile by Number Answered
Your Score History
You have not taken this quiz since the last reset